Proud to Be a Banjara / (Record no. 199052)

MARC details
000 -LEADER
fixed length control field 00777nam a22002177a 4500
003 - CONTROL NUMBER IDENTIFIER
control field dpl
005 - DATE AND TIME OF LATEST TRANSACTION
control field 20231109162923.0
008 - FIXED-LENGTH DATA ELEMENTS--GENERAL INFORMATION
fixed length control field 231109b |||||||| |||| 00| 0 eng d
020 ## - INTERNATIONAL STANDARD BOOK NUMBER
International Standard Book Number 9789357370912
Terms of availability 1800.00
028 ## - PUBLISHER NUMBER
Publisher number IBRO PUBLICATION
035 ## - SYSTEM CONTROL NUMBER
System control number B-755912-913
040 ## - CATALOGING SOURCE
Transcribing agency 0
050 ## - LIBRARY OF CONGRESS CALL NUMBER
Classification number 305.4
100 ## - MAIN ENTRY--PERSONAL NAME
Relator code Naik, D. Rama
245 ## - TITLE STATEMENT
Title Proud to Be a Banjara /
Statement of responsibility, etc D. Rama Naik
260 ## - PUBLICATION, DISTRIBUTION, ETC. (IMPRINT)
Place of publication, distribution, etc Karnatak
Name of publisher, distributor, etc IBRO
Date of publication, distribution, etc 2023
270 ## - ADDRESS
Address 200, 14th B Cross, 5th Main, 6th Sector, HSR Layout,
City Bengaluru
Postal code 560102
300 ## - PHYSICAL DESCRIPTION
Extent 266p.
Dimensions 23cm(hb)
942 ## - ADDED ENTRY ELEMENTS (KOHA)
Source of classification or shelving scheme Dewey Decimal Classification
Koha item type English Books
Classification part 305.4
Call number suffix NAI
Holdings
Withdrawn status Lost status Source of classification or shelving scheme Damaged status Not for loan Collection code Home library Current library Date acquired Source of acquisition Cost, normal purchase price Total Checkouts Full call number Barcode Date last seen Copy number Cost, replacement price Price effective from Koha item type
    Dewey Decimal Classification   Not For Loan Reference Central Library Central Library 09/11/2023 IBRO/R/04/6.10.23/02/10.10.23/30.10.23 1800.00   305.4 NAI B-755912 09/11/2023 1 1800.00 09/11/2023 English Books
    Dewey Decimal Classification   Not For Loan Reference Sarojini Nagar Sarojini Nagar 09/11/2023 IBRO/R/04/6.10.23/02/10.10.23/30.10.23 1800.00   305.4 NAI B-755913 09/11/2023 1 1800.00 09/11/2023 English Books

© Delhi Public Library
Hit Counter
free hit counter